[Event "Titled Tuesday intern op 11th Aug"]
[Site "Chess.com INT"]
[Date "2020.08.11"]
[Round "9"]
[White "Turgut, Aydin"]
[Black "Supatashvili, Khvicha"]
[Result "1-0"]
[WhiteElo "2269"]
[BlackElo "2456"]
[PlyCount "125"]
[EventDate "2020.08.11"]
[EventType "swiss (blitz)"]
[EventRounds "10"]
[EventCountry "USA"]
[SourceTitle "CBM 197 Extra"]
[Source "ChessBase"]
[SourceDate "2020.09.30"]
[SourceVersion "1"]
[SourceVersionDate "2020.09.30"]
[SourceQuality "1"]

1. e4 c5 2. Nf3 Nc6 3. d4 cxd4 4. Nxd4 Nf6 5. Nc3 d6 6. Bg5 e6 7. Qd2 Be7 8. 0-0-0 Nxd4 9. Qxd4 0-0 10. f4 h6 11. Bh4 Qa5 12. Kb1 e5 13. fxe5 dxe5 14. Qe3 Ng4 15. Qe1 Bxh4 16. Qxh4 Ne3 17. Rd3 Qb6 18. Na4 Qa5 19. Rxe3 Qxa4 20. Rg3 Kh7 21. b3 Qb4 22. Bc4 Be6 23. Bxe6 fxe6 24. Qg4 Qe7 25. Rd1 Rf4 26. Qh5 Qf6 27. Rd7 Rg8 28. Kb2 Rf2 29. Rf3 Rxf3 30. gxf3 Rb8 31. Rf7 Qg6 32. Qxg6+ Kxg6 33. Rd7 Kf6 34. Kc3 a5 35. Kc4 b5+ 36. Kd3 b4 37. Ra7 Rb5 38. Kc4 Rb8 39. Rxa5 Rc8+ 40. Kxb4 Rxc2 41. h4 Rh2 42. Ra8 Rxh4 43. a4 Rh1 44. a5 Ra1 45. a6 h5 46. a7 Kg5 47. Kc5 h4 48. Kb6 h3 49. Rh8 Kf4 50. Rxh3 Ke3 51. Rh8 Kxf3 52. a8Q Rxa8 53. Rxa8 Kxe4 54. Rg8 Kf5 55. b4 e4 56. Rxg7 e3 57. Kc5 e2 58. Rg1 Ke4 59. b5 Kd3 60. b6 e1Q 61. Rxe1 Kd2 62. Rxe6 Kd3 63. b7 1-0

[Event "Titled Tuesday intern op 23rd June"]
[Site "Chess.com INT"]
[Date "2020.06.23"]
[Round "8"]
[White "Supatashvili, Khvicha"]
[Black "Quparadze, Giga"]
[Result "0-1"]
[WhiteElo "2456"]
[BlackElo "2463"]
[PlyCount "82"]
[EventDate "2020.06.23"]
[EventType "swiss (blitz)"]
[EventRounds "10"]
[EventCountry "USA"]
[SourceTitle "CBM 197 Extra"]
[Source "ChessBase"]
[SourceDate "2020.09.30"]
[SourceVersion "1"]
[SourceVersionDate "2020.09.30"]
[SourceQuality "1"]

1. d4 Nf6 2. c4 e6 3. Nf3 b6 4. g3 Bb7 5. Bg2 g6 6. 0-0 Bg7 7. Nc3 Ne4 8. Nxe4 Bxe4 9. Bg5 Qc8 10. Qd2 0-0 11. Bh6 d6 12. Bxg7 Kxg7 13. c5 Nc6 14. Rac1 Qd7 15. cxd6 cxd6 16. Ne1 Bxg2 17. Nxg2 Ne7 18. Nf4 Rac8 19. Nd3 Nf5 20. e3 Qb5 21. Rc3 Qa5 22. Rfc1 Rxc3 23. Qxc3 Qxa2 24. e4 Nh6 25. f4 Kg8 26. h3 Qa6 27. Nb4 Qe2 28. Re1 Qb5 29. d5 Qc5+ 30. Qxc5 bxc5 31. Nc6 exd5 32. exd5 Nf5 33. g4 Nd4 34. Nxd4 cxd4 35. Rd1 Rb8 36. Rxd4 Rxb2 37. Ra4 Rb5 38. Rxa7 Rxd5 39. Kf2 h5 40. g5 Rd3 41. Kg2 Kf8 0-1

[Event "Titled Tuesday intern op 16th June"]
[Site "Chess.com INT"]
[Date "2020.06.16"]
[Round "5"]
[White "Supatashvili, Khvicha"]
[Black "Matamoros Franco, Carlos S"]
[Result "0-1"]
[WhiteElo "2456"]
[BlackElo "2495"]
[PlyCount "76"]
[EventDate "2020.06.16"]
[EventType "swiss (blitz)"]
[EventRounds "10"]
[EventCountry "USA"]
[SourceTitle "EXT 2021"]
[Source "ChessBase"]
[SourceDate "2020.10.23"]
[SourceVersion "1"]
[SourceVersionDate "2020.10.23"]
[SourceQuality "1"]

1. d4 Nf6 2. c4 c5 3. d5 g6 4. Nc3 Bg7 5. e4 d6 6. Nf3 0-0 7. h3 e6 8. Bd3 exd5 9. exd5 Re8+ 10. Be3 Rxe3+ 11. fxe3 Qe7 12. Qe2 Nbd7 13. 0-0 b6 14. Qf2 Ba6 15. Rae1 Rf8 16. Qh4 Ne5 17. Nxe5 Qxe5 18. Qf4 Nd7 19. a4 Qe7 20. Nb5 Ne5 21. Be2 Bc8 22. Nc3 f5 23. Qf2 h5 24. Kh1 Kh7 25. Nd1 Bd7 26. b3 Bf6 27. g3 h4 28. Rg1 hxg3 29. Qxg3 Bh4 30. Qf4 g5 31. Qh2 Bxe1 32. Rxe1 Rf6 33. Nf2 Rh6 34. Rg1 g4 35. Qg3 Ng6 36. Bd3 Kh8 37. Re1 f4 38. Qg2 g3 0-1

[Event "Titled Tuesday intern op 16th June"]
[Site "Chess.com INT"]
[Date "2020.06.16"]
[Round "2"]
[White "Supatashvili, Khvicha"]
[Black "Rama, Tejas"]
[Result "1-0"]
[WhiteElo "2456"]
[BlackElo "2131"]
[PlyCount "65"]
[EventDate "2020.06.16"]
[EventType "swiss (blitz)"]
[EventRounds "10"]
[EventCountry "USA"]
[SourceTitle "EXT 2021"]
[Source "ChessBase"]
[SourceDate "2020.10.23"]
[SourceVersion "1"]
[SourceVersionDate "2020.10.23"]
[SourceQuality "1"]

1. d4 Nf6 2. c4 e6 3. Nf3 d5 4. Nc3 b6 5. cxd5 exd5 6. Bg5 Bb7 7. e3 Nbd7 8. Bd3 Be7 9. 0-0 h6 10. Bh4 Nh5 11. Bg3 Nxg3 12. hxg3 0-0 13. Qc2 c5 14. Rad1 c4 15. Bf5 Nf6 16. Ne5 a6 17. a4 Qe8 18. Rfe1 b5 19. axb5 axb5 20. e4 b4 21. Nxd5 Nxd5 22. exd5 Bxd5 23. Bh7+ Kh8 24. Be4 b3 25. Qc3 Bxe4 26. Rxe4 Bd8 27. Ng6+ fxg6 28. Rxe8 Rxe8 29. Qxc4 Rb8 30. Rd3 Re1+ 31. Kh2 Re2 32. Rf3 Re8 33. Rxb3 1-0

[Event "Titled Tuesday intern op 9th June"]
[Site "Chess.com INT"]
[Date "2020.06.09"]
[Round "5"]
[White "Supatashvili, Khvicha"]
[Black "Chigaev, Maksim"]
[Result "0-1"]
[WhiteElo "2456"]
[BlackElo "2588"]
[PlyCount "100"]
[EventDate "2020.06.09"]
[EventType "swiss (blitz)"]
[EventRounds "10"]
[EventCountry "USA"]
[SourceTitle "CBM 196 Extra"]
[Source "ChessBase"]
[SourceDate "2020.07.31"]
[SourceVersion "1"]
[SourceVersionDate "2020.07.31"]
[SourceQuality "1"]

1. d4 Nf6 2. c4 g6 3. Nc3 Bg7 4. e4 d6 5. Nf3 0-0 6. Be2 e5 7. 0-0 Na6 8. Re1 c6 9. Bf1 exd4 10. Nxd4 Ng4 11. Nf3 Ne5 12. Nxe5 dxe5 13. Qxd8 Rxd8 14. Bg5 Re8 15. Be3 Nc7 16. c5 Ne6 17. Bc4 Nd4 18. Rac1 Be6 19. Bxe6 Nxe6 20. Red1 Red8 21. f3 Bf8 22. Na4 f5 23. Kf1 Kf7 24. Ke2 Be7 25. Rxd8 Rxd8 26. Rd1 Rb8 27. b4 Ke8 28. Nb2 fxe4 29. fxe4 a5 30. a3 axb4 31. axb4 Ra8 32. Nd3 Ra4 33. Rb1 Bf6 34. Rb2 Nc7 35. Bf2 Nb5 36. Bg3 Nc3+ 37. Kf3 Ra3 38. Rd2 Nb1 39. Rd1 Nc3 40. Rd2 Nb5 41. Kf2 Bg5 42. Rd1 Nc3 43. Re1 Bd2 44. Rf1 Nxe4+ 45. Ke2 Bc3 46. Bxe5 Bxe5 47. Nxe5 Nc3+ 48. Kd3 Nd5+ 49. Kc4 Ne3+ 50. Kd4 Nxf1 0-1

[Event "Titled Tuesday intern op 9th June"]
[Site "Chess.com INT"]
[Date "2020.06.09"]
[Round "2"]
[White "Supatashvili, Khvicha"]
[Black "Gatineau, Yovann"]
[Result "1-0"]
[WhiteElo "2456"]
[BlackElo "2423"]
[PlyCount "65"]
[EventDate "2020.06.09"]
[EventType "swiss (blitz)"]
[EventRounds "10"]
[EventCountry "USA"]
[SourceTitle "CBM 196 Extra"]
[Source "ChessBase"]
[SourceDate "2020.07.31"]
[SourceVersion "1"]
[SourceVersionDate "2020.07.31"]
[SourceQuality "1"]

1. d4 f5 2. Nc3 Nf6 3. Bg5 g6 4. Bxf6 exf6 5. e3 Be7 6. h4 d5 7. h5 g5 8. Bd3 Be6 9. Qf3 Qd7 10. Nge2 Nc6 11. a3 Bd6 12. Nb5 0-0-0 13. Nxd6+ cxd6 14. c3 Kb8 15. 0-0-0 Rc8 16. Kb1 Rhe8 17. Ng3 f4 18. exf4 Bg4 19. Qxd5 Bxd1 20. Rxd1 gxf4 21. Ne4 f5 22. Nf6 Qe6 23. Qxe6 Rxe6 24. Nxh7 Ne7 25. Ng5 Rh6 26. Be2 Kc7 27. Bf3 Rg8 28. Nh3 Kd7 29. Nxf4 Rh7 30. Bxb7 Ke8 31. Bf3 Rg5 32. Re1 Kd8 33. Ne6+ 1-0

[Event "Titled Tuesday intern op 9th June"]
[Site "Chess.com INT"]
[Date "2020.06.09"]
[Round "8"]
[White "Supatashvili, Khvicha"]
[Black "Maksimovic, Bojan"]
[Result "1/2-1/2"]
[WhiteElo "2456"]
[BlackElo "2398"]
[PlyCount "106"]
[EventDate "2020.06.09"]
[EventType "swiss (blitz)"]
[EventRounds "10"]
[EventCountry "USA"]
[SourceTitle "CBM 196 Extra"]
[Source "ChessBase"]
[SourceDate "2020.07.31"]
[SourceVersion "1"]
[SourceVersionDate "2020.07.31"]
[SourceQuality "1"]

1. d4 Nf6 2. c4 c5 3. d5 b5 4. cxb5 a6 5. b6 d6 6. Nc3 Nbd7 7. Nf3 g6 8. e4 Bg7 9. Be2 0-0 10. 0-0 Rb8 11. Qc2 Qxb6 12. b3 Ng4 13. Bb2 Nge5 14. Nxe5 Nxe5 15. Na4 Qa7 16. Kh1 Bd7 17. f4 Bxa4 18. fxe5 Bb5 19. exd6 exd6 20. Bxg7 Kxg7 21. Qb2+ Kg8 22. Rf6 Qe7 23. Bf3 Rfe8 24. Qc3 Bd7 25. Rf1 Rb4 26. e5 dxe5 27. Be2 Rd4 28. Bc4 Bf5 29. Rxa6 e4 30. d6 Rxd6 31. Rxd6 Qxd6 32. Qe3 Qd4 33. Re1 Rd8 34. h3 Qxe3 35. Rxe3 Rd1+ 36. Kh2 Kg7 37. g4 Rd2+ 38. Kg3 Be6 39. Bxe6 fxe6 40. Rxe4 Rxa2 41. Rxe6 Ra3 42. Re7+ Kg8 43. Kf4 Rxb3 44. h4 c4 45. Rc7 Rb4 46. Kg5 c3 47. Rxc3 Rb7 48. Rc5 Kg7 49. Kf4 Rf7+ 50. Kg3 Ra7 51. Rc3 Ra4 52. g5 Ra5 53. Rc7+ Kg8 1/2-1/2

[Event "Titled Tuesday intern op 6th June"]
[Site "Chess.com INT"]
[Date "2020.06.02"]
[Round "2"]
[White "Valdes Romero, Leonardo"]
[Black "Supatashvili, Khvicha"]
[Result "0-1"]
[WhiteElo "2402"]
[BlackElo "2456"]
[PlyCount "82"]
[EventDate "2020.06.02"]
[EventType "swiss (blitz)"]
[EventRounds "10"]
[EventCountry "USA"]
[SourceTitle "CBM 196 Extra"]
[Source "ChessBase"]
[SourceDate "2020.07.31"]
[SourceVersion "1"]
[SourceVersionDate "2020.07.31"]
[SourceQuality "1"]

1. Nf3 d5 2. g3 Bg4 3. Bg2 e6 4. 0-0 c6 5. d3 Nf6 6. Nbd2 Nbd7 7. h3 Bh5 8. Qe1 Bc5 9. e4 dxe4 10. dxe4 e5 11. Kh1 0-0 12. a4 Re8 13. Nc4 Qc7 14. b4 Bf8 15. Bb2 Bg6 16. Nh4 b5 17. Nxg6 hxg6 18. axb5 cxb5 19. Ne3 Nb6 20. Ra6 Rad8 21. Qa1 Na4 22. Ra5 Rb8 23. c3 Red8 24. c4 Nxb2 25. Rxa7 Qc6 26. Qxb2 bxc4 27. Qa2 Rxb4 28. Nd5 Nxd5 29. exd5 Qf6 30. f4 e4 31. Bxe4 Rb3 32. Qa5 Rxg3 33. Bg2 Re8 34. Qc7 Re2 35. Ra8 Rgxg2 36. Rxf8+ Kxf8 37. Qc8+ Re8 38. Qc5+ Kg8 39. Kxg2 Re2+ 40. Kf3 Qb2 41. Qc8+ Kh7 0-1

[Event "EU-ch Online 2300+ Qual"]
[Site "Chess.com INT"]
[Date "2020.05.29"]
[Round "6"]
[White "Aleksandrov, Aleksej"]
[Black "Supatashvili, Khvicha"]
[Result "1-0"]
[WhiteElo "2608"]
[BlackElo "2456"]
[PlyCount "103"]
[EventDate "2020.05.29"]
[EventType "swiss"]
[EventRounds "8"]
[EventCountry "NET"]
[SourceTitle "CBM 196 Extra"]
[Source "ChessBase"]
[SourceDate "2020.07.31"]
[SourceVersion "1"]
[SourceVersionDate "2020.07.31"]
[SourceQuality "1"]

1. d4 Nf6 2. c4 e6 3. Nc3 Bb4 4. e3 0-0 5. Bd3 d5 6. cxd5 exd5 7. Nge2 Re8 8. 0-0 b6 9. Bd2 Bb7 10. Qc2 Bf8 11. Rad1 Nbd7 12. Bc1 Rc8 13. a3 g6 14. b4 a6 15. Qb3 b5 16. a4 c6 17. f3 Qe7 18. Na2 Nb6 19. a5 Nc4 20. Ng3 h5 21. Rfe1 Bg7 22. e4 dxe4 23. fxe4 Ng4 24. Bxc4 bxc4 25. Qxc4 Qh4 26. h3 Qxg3 27. hxg4 Qxg4 28. Nc3 Rcd8 29. Be3 h4 30. Qe2 Bc8 31. Qxg4 Bxg4 32. Rd2 Rb8 33. Rb1 Bf5 34. Bf4 Rbd8 35. exf5 Bxd4+ 36. Rxd4 Rxd4 37. Bc7 Rc4 38. Na4 Re2 39. fxg6 Rcc2 40. gxf7+ Kxf7 41. Nc5 Rxg2+ 42. Kh1 h3 43. Nxa6 Ra2 44. Nc5 Ra3 45. a6 Rga2 46. Bb8 Kg6 47. a7 Kg5 48. Nb3 Kg4 49. Rg1+ Kf3 50. Na5 h2 51. Rc1 Rc2 52. Rxc2 1-0

[Event "EU-ch Online 2300+ Qual"]
[Site "Chess.com INT"]
[Date "2020.05.29"]
[Round "3"]
[White "Romanov, Evgeny"]
[Black "Supatashvili, Khvicha"]
[Result "0-1"]
[WhiteElo "2599"]
[BlackElo "2456"]
[PlyCount "90"]
[EventDate "2020.05.29"]
[EventType "swiss"]
[EventRounds "8"]
[EventCountry "NET"]
[SourceTitle "CBM 196 Extra"]
[Source "ChessBase"]
[SourceDate "2020.07.31"]
[SourceVersion "1"]
[SourceVersionDate "2020.07.31"]
[SourceQuality "1"]

1. e4 c5 2. Nf3 Nc6 3. Bb5 g6 4. Bxc6 bxc6 5. 0-0 Bg7 6. Re1 Qc7 7. c3 d6 8. h3 Nf6 9. d4 cxd4 10. cxd4 0-0 11. Nc3 c5 12. e5 dxe5 13. dxe5 Rd8 14. Qa4 Nh5 15. g4 Bb7 16. Ne4 f5 17. Neg5 fxg4 18. hxg4 Qc8 19. Be3 Rd4 20. Bxd4 Qxg4+ 21. Kf1 Nf4 22. Re3 cxd4 23. Qxd4 Ba6+ 24. Ke1 Ng2+ 25. Kd2 Nxe3 26. Kxe3 Qxd4+ 27. Kxd4 Rf8 28. Ke3 Bb7 29. Nd4 Bxe5 30. Nge6 Rc8 31. f4 Bf6 32. Rd1 h5 33. Rg1 Kf7 34. Ng5+ Bxg5 35. Rxg5 h4 36. f5 gxf5 37. Rxf5+ Kg6 38. Rf2 h3 39. Ne6 Rh8 40. Rh2 Kf5 41. Nf4 Kg4 42. Ng6 Rh5 43. Nf4 Re5+ 44. Kd4 Re4+ 45. Kc5 Rxf4 0-1